Catalog

Record Details

Catalog Search



Available copies

  • 1 of 1 copy available at LARL/NWRL Consortium.
  • 1 of 1 copy available at Lake Agassiz Regional Library. (Show)

Current holds

0 current holds with 1 total copy.

Show Only Available Copies
Location Call Number / Copy Notes Barcode Shelving Location Status Due Date
Fertile Public Library SAL (Text) 33500012164844 Main Available -

Record details

  • ISBN: 9781402298592 (paperback)
  • ISBN: 1402298595 (paperback)
  • Physical Description: 379 pages ; 18 cm
  • Publisher: Naperville, Illinois : Sourcebooks Casablanca, [2015]

Content descriptions

General Note:
Includes an excerpt from The Curl Up and Dye--pages [373]-379.
Summary, etc.:
Dori Grant is no stranger to hardship. As a young ... Read More
Subject: Single mothers > Fiction.
Small cities > Georgia > Fiction.
Georgia > Fiction.
Single mothers
Small cities
Georgia.
Genre: Love stories.
Fiction.
LDR 02246cam a2200433Ii 4500
001191202
003LARL_NWRL_CONSORTIUM
00520150923104322.0
008141110t20152015ilu 000 f eng d
020 . ‡a9781402298592 (paperback)
020 . ‡a1402298595 (paperback)
035 . ‡a(OCoLC)894931640
040 . ‡aYDXCP ‡beng ‡erda ‡cYDXCP ‡dBTCTA ‡dOCLCQ ‡dBDX ‡dIEB ‡dOCLCO ‡dHHO ‡dOCLCO ‡dOCP ‡dCGP ‡dIHI ‡dZAC ‡dOCLCF ‡dOCLCO ‡dSINLB ‡dOCLCO
043 . ‡an-us-ga
050 4. ‡aPS3569.A4565 ‡bI45 2015
082 4. ‡a[Fic]
1001 . ‡aSala, Sharon, ‡eauthor. ‡0(LARL_NWRL_CONSORTIUM)117306
24510. ‡aI'll stand by you ‡n#2 / ‡cSharon Sala.
2463 . ‡aI will stand by you
264 1. ‡aNaperville, Illinois : ‡bSourcebooks Casablanca, ‡c[2015]
264 4. ‡c©2015
300 . ‡a379 pages ; ‡c18 cm
336 . ‡atext ‡btxt ‡2rdacontent
337 . ‡aunmediated ‡bn ‡2rdamedia
338 . ‡avolume ‡bnc ‡2rdacarrier
4900 . ‡aBlessings, Georgia ; ‡v2
500 . ‡aIncludes an excerpt from The Curl Up and Dye--pages [373]-379.
520 . ‡aDori Grant is no stranger to hardship. As a young single mother in the gossip-fueled town of Blessings, Georgia, she's weathered the storm of small-town disapproval most of her life. But when Dori loses everything within the span of an evening, she realizes she has no choice but to turn to her neighbors. Everyone says the Pine boys are no good, but Johnny Pine has been proving the gossips wrong ever since his mother died and he took over raising his brothers. His heart goes out to the young mother and child abandoned by the good people of Blessings. Maybe he can be the one to change all that.
650 0. ‡aSingle mothers ‡vFiction. ‡0(LARL_NWRL_CONSORTIUM)167259
650 0. ‡aSmall cities ‡zGeorgia ‡vFiction.
651 0. ‡aGeorgia ‡vFiction. ‡0(LARL_NWRL_CONSORTIUM)165404
650 7. ‡2fast ‡aSingle mothers ‡0(LARL_NWRL_CONSORTIUM)36459
650 7. ‡2fast ‡aSmall cities ‡0(LARL_NWRL_CONSORTIUM)162870
651 7. ‡aGeorgia. ‡2fast ‡0(LARL_NWRL_CONSORTIUM)2012
655 7. ‡aLove stories. ‡2gsafd
655 7. ‡aFiction. ‡2fast
901 . ‡a191202 ‡bOCLC ‡c191202 ‡tbiblio

Additional Resources